| 000 | 00476nam a2200169Ii 4500 | ||
|---|---|---|---|
| 003 | JO-AjNU | ||
| 008 | 230606s9999||||xx |||||||||||||| ||und|| | ||
| 040 |
_aJO-AjNU _beng _erda _cJO-AjNU |
||
| 041 | _aeng | ||
| 050 | 1 | 4 | _aZ1215.P973 |
| 245 | 0 | 0 | _a The publishers trade list annual 1976 |
| 264 | 3 | 1 | _aNew York: Office of the Publishers Weekly |
| 300 | _a358p | ||
| 336 |
_atext _btxt _2rdacontent |
||
| 337 |
_aunmediated _bn _2rdamedia |
||
| 338 |
_avolume _bnc _2rdacarrier |
||
| 999 |
_aE1214 _c1214 _d1214 |
||